| 000 -LEADER |
| fixed length control field |
00960nam a22003137a 4500 |
| 001 - CONTROL NUMBER |
| control field |
2916 |
| 003 - CONTROL NUMBER IDENTIFIER |
| control field |
BD-DhUAP |
| 005 - DATE AND TIME OF LATEST TRANSACTION |
| control field |
20200226164343.0 |
| 008 - FIXED-LENGTH DATA ELEMENTS--GENERAL INFORMATION |
| fixed length control field |
200226r19991995sw a|||| |||| 00| 0 eng d |
| 020 ## - INTERNATIONAL STANDARD BOOK NUMBER |
| International Standard Book Number |
3764355026 |
| 020 ## - INTERNATIONAL STANDARD BOOK NUMBER |
| International Standard Book Number |
0817655174 |
| 040 ## - CATALOGING SOURCE |
| Original cataloging agency |
BD-DhAAL |
| Language of cataloging |
Eng |
| Transcribing agency |
BD-DhUAP |
| Modifying agency |
BD-DhUAP |
| 041 ## - LANGUAGE CODE |
| Language code of text/sound track or separate title |
ger |
| -- |
eng |
| 082 ## - DEWEY DECIMAL CLASSIFICATION NUMBER |
| Classification number |
720.924 AAL |
| Edition number |
23 |
| 100 ## - MAIN ENTRY--PERSONAL NAME |
| Personal name |
Aalto, Alvar. |
| 9 (RLIN) |
33581 |
| 245 ## - TITLE STATEMENT |
| Title |
Alvar Aalto / |
| Statement of responsibility, etc. |
Alvar Aalto ; co-editor Karl Fleig. |
| 250 ## - EDITION STATEMENT |
| Edition statement |
1st ed. |
| 260 ## - PUBLICATION, DISTRIBUTION, ETC. |
| Place of publication, distribution, etc. |
Basel : |
| Name of publisher, distributor, etc. |
Bikhauser, |
| Date of publication, distribution, etc. |
©1995 [Reprint 1999]. |
| 300 ## - PHYSICAL DESCRIPTION |
| Extent |
volumes : |
| Other physical details |
illustrations ; |
| Dimensions |
23 cm. |
| 505 ## - FORMATTED CONTENTS NOTE |
| Formatted contents note |
V. 3- Projects and final buildings. |
| 526 ## - STUDY PROGRAM INFORMATION NOTE |
| Program name |
ARC |
| 600 ## - SUBJECT ADDED ENTRY--PERSONAL NAME |
| Titles and other words associated with a name |
Aalto, Alvar, 1898-1976. |
| 9 (RLIN) |
33569 |
| 650 ## - SUBJECT ADDED ENTRY--TOPICAL TERM |
| Topical term or geographic name entry element |
Architecture, Modern |
| Chronological subdivision |
20th century. |
| 9 (RLIN) |
33570 |
| 650 ## - SUBJECT ADDED ENTRY--TOPICAL TERM |
| Topical term or geographic name entry element |
Architecture, Finnish. |
| 9 (RLIN) |
33571 |
| 650 ## - SUBJECT ADDED ENTRY--TOPICAL TERM |
| Topical term or geographic name entry element |
Architecture |
| Geographic subdivision |
Finland |
| Chronological subdivision |
20th century. |
| 9 (RLIN) |
33572 |
| 700 ## - ADDED ENTRY--PERSONAL NAME |
| Personal name |
Fleig, Karl. |
| 9 (RLIN) |
33573 |
| 942 ## - ADDED ENTRY ELEMENTS (KOHA) |
| Source of classification or shelving scheme |
|
| Koha item type |
Book |